Modern Introductory Differential Equations (Record no. 299423)
[ view plain ]
| 000 -LEADER | |
|---|---|
| fixed length control field | 00309 a2200121 4500 |
| 001 - CONTROL NUMBER | |
| control field | 64350 |
| 082 ## - DEWEY DECIMAL CLASSIFICATION NUMBER | |
| Classification number | 515.3 BRO |
| 090 ## - LOCALLY ASSIGNED LC-TYPE CALL NUMBER (OCLC); LOCAL CALL NUMBER (RLIN) | |
| -- | 37985 |
| -- | 37985 |
| 100 ## - MAIN ENTRY--PERSONAL NAME | |
| Personal name | Bronson Richard |
| 245 ## - TITLE STATEMENT | |
| Title | Modern Introductory Differential Equations |
| Remainder of title | Schaum's Outline of |
| 260 ## - PUBLICATION, DISTRIBUTION, ETC. | |
| Place of publication, distribution, etc. | NY |
| Name of publisher, distributor, etc. | McGraw-Hill |
| Date of publication, distribution, etc. | 1973 |
| 300 ## - PHYSICAL DESCRIPTION | |
| Extent | 306 p. |
| 942 ## - ADDED ENTRY ELEMENTS (KOHA) | |
| Institution code [OBSOLETE] | NUST-CAE |
| Call number prefix | 515.3 BRO |
| Withdrawn status | Lost status | Damaged status | Not for loan | Collection code | Permanent Location | Current Location | Date acquired | Total Checkouts | Full call number | Barcode | Date last seen | Price effective from | Koha item type |
|---|---|---|---|---|---|---|---|---|---|---|---|---|---|
| College of Aeronautical Engineering (CAE) | College of Aeronautical Engineering (CAE) | 04/03/2017 | 515.3 BRO | CAEG-5278 | 04/05/2017 | 04/05/2017 | Book |
